Use of taro leave in concentration feed on growth rate of broiler avain in the animal experimental station of royal university of agriculture, ការប្រើប្រាស់ស្លឹកត្រាវជាចំណីផ្សំលើការលូតលាស់មាន់សាច់ពូជ AVAIN នៅស្ថានីយ៍ចិញ្្ចឹមសត្វ នៃសាកលវិទ្យាល័យភូមិន្ធកសិកម្ម. (Record no. 2180)
[ view plain ]
| 000 -LEADER | |
|---|---|
| fixed length control field | 00836nam a22001577a 4500 |
| 003 - CONTROL NUMBER IDENTIFIER | |
| control field | OSt |
| 005 - DATE AND TIME OF LATEST TRANSACTION | |
| control field | 20151007162949.0 |
| 008 - FIXED-LENGTH DATA ELEMENTS--GENERAL INFORMATION | |
| fixed length control field | 151007b xxu||||| |||| 00| 0 eng d |
| 040 ## - CATALOGING SOURCE | |
| Transcribing agency | RUA |
| 082 ## - DEWEY DECIMAL CLASSIFICATION NUMBER | |
| Classification number | AVM CHI 2008 B082 Or.1 |
| 100 ## - MAIN ENTRY--PERSONAL NAME | |
| 9 (RLIN) | 2314 |
| Personal name | CHIP, SOKKOM. |
| 245 ## - TITLE STATEMENT | |
| Title | Use of taro leave in concentration feed on growth rate of broiler avain in the animal experimental station of royal university of agriculture, ការប្រើប្រាស់ស្លឹកត្រាវជាចំណីផ្សំលើការលូតលាស់មាន់សាច់ពូជ AVAIN នៅស្ថានីយ៍ចិញ្្ចឹមសត្វ នៃសាកលវិទ្យាល័យភូមិន្ធកសិកម្ម. |
| 260 ## - PUBLICATION, DISTRIBUTION, ETC. (IMPRINT) | |
| Place of publication, distribution, etc. | phnom phen |
| Name of publisher, distributor, etc. | RUA |
| Date of publication, distribution, etc. | 2008 |
| 300 ## - PHYSICAL DESCRIPTION | |
| Extent | XI,49p. |
| Other physical details | ill. |
| Dimensions | 29cm. |
| 942 ## - ADDED ENTRY ELEMENTS (KOHA) | |
| Source of classification or shelving scheme | |
| Koha item type | AVM |
| Price effective from | Date last seen | Permanent Location | Not for loan | Date acquired | Source of classification or shelving scheme | Koha item type | Lost status | Withdrawn status | Date last checked out | Total Checkouts | Shelving location | Damaged status | Barcode | Current Location | Full call number |
|---|---|---|---|---|---|---|---|---|---|---|---|---|---|---|---|
| 2015-10-07 | 2015-10-07 | Library Block B | 2015-10-07 | AVM | B082 | RUA025145 | Library Block B | AVM CHI 2008 B082 Or.1 | |||||||
| 2015-10-07 | 2015-10-07 | Library Block B | 2015-10-07 | AVM | B082 | RUA019577 | Library Block B | AVM CHI 2008 B082 Or.2 | |||||||
| 2015-10-07 | 2015-10-07 | Library Block B | 2015-10-07 | AVM | B082 | RUA009590 | Library Block B | AVM CHI 2008 B082 Or.3 | |||||||
| 2015-10-07 | 2015-10-07 | Library Block B | 2015-10-07 | AVM | B082 | RUA009787 | Library Block B | AVM CHI 2008 B082 Or.4 | |||||||
| 2015-10-07 | 2015-10-07 | Library Block B | 2015-10-07 | AVM | B082 | RUA008014 | Library Block B | AVM CHI 2008 B082 Or.5 | |||||||
| 2015-10-07 | 2017-11-21 | Library Block B | 2015-10-07 | AVM | 2017-08-02 | 1 | B082 | RUA025195 | Library Block B | AVM CHI 2008 B082 Or.6 | |||||
| 2015-10-07 | 2015-10-07 | Library Block B | 2015-10-07 | AVM | B082 | RUA025268 | Library Block B | AVM CHI 2008 B082 Or.7 | |||||||
| 2015-10-07 | 2015-10-07 | Library Block B | 2015-10-07 | AVM | B082 | RUA025412 | Library Block B | AVM CHI 2008 B082 Or.8 | |||||||
| 2015-10-07 | 2015-10-07 | Library Block B | 2015-10-07 | AVM | B082 | RUA025196 | Library Block B | AVM CHI 2008 B082 Or.9 | |||||||
| 2015-10-07 | 2015-10-07 | Library Block B | 2015-10-07 | AVM | B082 | RUA025124 | Library Block B | AVM CHI 2008 B082 Or.10 |